[Event "GER-ch U25-B"]
[Site "Willingen"]
[Date "2023.06.01"]
[Round "7"]
[White "Khudagulyan, Xoren"]
[Black "Khanbekyan, Areg"]
[Result "1-0"]
[WhiteElo "1698"]
[BlackElo "1606"]
[PlyCount "51"]
[EventDate "2023.05.27"]
[EventType "swiss"]
[EventRounds "9"]
[EventCountry "GER"]
[SourceTitle "CBM 214 Extra"]
[Source "ChessBase"]
[SourceDate "2023.07.31"]
[SourceVersion "1"]
[SourceVersionDate "2023.07.31"]
[SourceQuality "1"]

1. Nf3 c5 2. d4 cxd4 3. Nxd4 g6 4. c4 Nc6 5. Nxc6 bxc6 6. Qd4 Nf6 7. e4 d6 8. e5 Qa5+ 9. Bd2 Qxe5+ 10. Qxe5 dxe5 11. Bc3 Nd7 12. g3 Bg7 13. Bg2 Bb7 14. 0-0 0-0 15. Nd2 f5 16. Nb3 e4 17. Rad1 Rfd8 18. Ba5 Nb6 19. Rxd8+ Rxd8 20. c5 Ra8 21. cxb6 axb6 22. Bxb6 Bxb2 23. Rb1 Rxa2 24. Nc5 Bc8 25. Bf1 Bd4 26. Bc4+ 1-0

[Event "GER-ch U25-B"]
[Site "Willingen"]
[Date "2023.05.30"]
[Round "4"]
[White "Friemel, Tim"]
[Black "Khudagulyan, Xoren"]
[Result "0-1"]
[WhiteElo "1692"]
[BlackElo "1698"]
[PlyCount "94"]
[EventDate "2023.05.27"]
[EventType "swiss"]
[EventRounds "9"]
[EventCountry "GER"]
[SourceTitle "CBM 214 Extra"]
[Source "ChessBase"]
[SourceDate "2023.07.31"]
[SourceVersion "1"]
[SourceVersionDate "2023.07.31"]
[SourceQuality "1"]

1. d4 Nf6 2. c4 e6 3. Nc3 Bb4 4. Bg5 d5 5. e3 c6 6. Qc2 Nbd7 7. Bd3 h6 8. Bh4 0-0 9. Nge2 b6 10. 0-0 Bb7 11. f3 c5 12. Rfd1 Qc8 13. Nb5 cxd4 14. exd4 a6 15. Na3 Bxa3 16. bxa3 dxc4 17. Bxc4 b5 18. Bd3 Qxc2 19. Bxc2 Rac8 20. Rac1 Nd5 21. Bf2 N7b6 22. Bb3 Nc4 23. Bxc4 bxc4 24. Nc3 Nxc3 25. Rxc3 Bd5 26. Bg3 Rfd8 27. Rb1 Rd7 28. Rb6 Rb7 29. Rxb7 Bxb7 30. Bd6 Bd5 31. Kf2 Rc6 32. Bb4 Rb6 33. Rc2 g5 34. Ke3 Kg7 35. g3 Kg6 36. f4 f6 37. fxg5 hxg5 38. Rf2 Rb7 39. Rc2 f5 40. Rc1 Rh7 41. Rc2 f4+ 42. gxf4 Rh3+ 43. Ke2 Rxh2+ 44. Kd1 Rxc2 45. Kxc2 g4 46. Kd1 Kf5 47. Bd2 Ke4 0-1